00769nam a2200253 a 450000100060000000300080000600500170001400800410003102000180007203500190009004000270010904100080013608200240014410000200016824500940018825000120028226000430029430000360033750400510037365000190042465000290044370000210047270000220049370276BD-RjUL20211209082000.0170416s2009 ii a b 001 0 eng d a9788177585537 a(BD-RjUL)70490 aDLCcDLCdBD-RjULbeng aeng00a519.2223bHOP 20091 aHogg, Robert V.10aProbability and statistical inference /cRobert V. Hogg, Elliot A. Tanis, Jagan Mohan Rao a7th ed. aNew Delhi :b Pearson Eduction,c2009. axix, 729 p. :bill. ;c25 cm. + aIncludes bibliographical references and index. 0aProbabilities. 0aMathematical statistics.1 aTanis, Elliot A.1 a Rao, Jagan Mohan